El Tratado de Ryswick y otros temas / (Registro nro. 14093)

Detalles MARC
000 -LIDER
fixed length control field 03524nam a22003017a 4500
003 - IDENTIFICACDOR DE NÚMERO DE CONTROL
control field DO-SdBNP
005 - DATE AND TIME OF LATEST TRANSACTION
control field 20230815131907.0
008 - ELEMENTOS DE LONGITUD FIJA
fixed length control field 220318b2012 ||| |||| 00| 0 spa d
020 ## - ISBN
International Standard Book Number 9789945074611
040 ## - FUENTE DE CATALOGACIÓN
Agencia que crea de manera original el registro BPMSU
Idioma de catalogación spa
Agencia que realiza la transcripción BPMSU
082 #4 - NÚMERO DE CLASIFICACIÓN DECIMAL DE DEWEY
Classification number 327.97293
Item number M798t 2012
Edition number 22
100 1# - ASIENTO PRINCIPAL -- NOMBRE PERSONAL
Nombre personal Montolío, Julio Andrés
Fechas asociadas con el nombre 1867-1934
245 13 - MENCIÓN DE TITULO
Título El Tratado de Ryswick y otros temas /
Mención de responsabilidad Andrés Julio Montolío; editor: Andrés Blanco Diaz
260 ## - PUBLICACIÓN, DISTRIBUCIÓN, ETC. (PIE DE IMPRENTA)
Lugar de publicación, distribución, etc Santo Domindo:
Nombre del editor, distribuidor, etc. Archivo General de la Nación,
Fecha de publicación, distribución, etc 2012
300 ## - DESCRIPCIÓN FÍSICA
Extensión 499 p ;
Dimensiones 23cm
490 0# - MENCIÓN DE SERIES
Mención de serie Archivo General de la Nación,
Volume/sequential designation 171
500 ## - NOTA GENERAL
Nota general Incluye datos biográficos del autor en las solapas
505 0# - NOTA DE CONTENIDO
Texto normalizado de contenido Presentación, 13.-- Con motivo de La alimentación y las razas, 19.-- La contra de la tarifa aduanera, 25.-- Varios temas, 33.-- Sobre ley de imprenta, 53.-- Cartas públicas, 61.-- Organización de partidos, 69.-- Resumen de una cuestión (Diferendo domínico-haitiano), 93.-- El tratado de Ryswick y la isla de Santo Domingo, 127.-- Frente a una acusación, 147.-- Emancipaciones y emancipadores, 197.-- Otros temas. La vida nueva, por José Enrique Rodó, 217.-- Perfiles, 221.-- Derribemos, 229.-- Personal, 231.-- Disentimos, 235.-- Perfidia yanqui, 237.-- Algo sobre Haití, 241.-- Preparémonos, 247.-- Sobre la memoria de relaciones exteriores, 249.-- Discurso, 255.-- La reforma arancelaria, 259.-- Galería de retratos, 261.-- Sobre instrucción, 265.-- Pequeñeces, 267.-- Patrióticas, 271.-- De política, 277.-- Realidades, 279.-- Entre dos miedos, 281.-- Justicia, 285.-- Siluetas, 289.-- De la guerra, 293.-- De la guerra, 297.-- De la guerra, 301.-- Angel Lizardo, 303.-- De la guerra, 305.-- De la guerra, 309.-- De la guerra, 313.-- Lecturas bibliográficas, 317.-- Divagando, 321.-- Nuestro Himno, 325.-- Discurso, 327.-- Dos palabras, 333.-- La reconquista de América, por Ramón Orbea, 337.-- Antiguos conocidos (Pedro C. Salcedo), 339.-- Antiguos conocidos (Alberto Duboy), 341.-- Antiguos conocidos (Manuel Pimentes Coronel), 343.-- Acción política Andrés :"to be or not to be", 345.-- La cosa no es de hoy , 347.-- Obras del padre Meriño, 351.-- Monólogo, 361.-- 16 de Agosto, 365.-- ¡Ha muerto!, 367.-- De política...científica, 369.-- Notas bibliográficas, 375.-- Mi tío Barbassou, 377.-- Discurso, 379.-- Carta abierta, 385.-- Post scriptum, 391.-- Contestación, 395.-- Obra interesante, 399.-- De jueves a jueves, 403.-- Un folleto interesante, 407.-- Las cenizas del descubridor, 411.-- Descentralización y personalismo, por Marino A. Cestero, 413.-- La nueva constitución, 417.-- Bibliografía, 419.-- Nota bibliográfica, 421.-- Cuestiones trascendentales, 423.-- Del derecho público, 429.-- Fisonomía de una inteligencia, 431.-- En el margen de una carta, 437.-- Día de la patria, 443.-- Fragmentos de una conferencia, 445.-- Doctor Adolfo A. Nouel, 451.-- El 1º de diciembre, 455.-- La soberanía y el tratado, 457.-- Discurso, 461.-- Discurso, 469.-- Índice onomástico, 479.
590 ## - NOTA LOCAL
Enlace Inventariado, 2023/VM
651 #4 - ENCABEZAMIENTO DE MATERIA--NOMBRE GEOGRÁFICO
Nombre geográfico República Dominicana
Subdivisión de forma Tratados Internacionales
651 #4 - ENCABEZAMIENTO DE MATERIA--NOMBRE GEOGRÁFICO
Nombre geográfico República Dominicana
Subdivisión temática general Política y gobierno
651 #4 - ENCABEZAMIENTO DE MATERIA--NOMBRE GEOGRÁFICO
Nombre geográfico República Domicana
Subdivisión temática general Limites
Subdivisión geográfica Haití.
651 #4 - ENCABEZAMIENTO DE MATERIA--NOMBRE GEOGRÁFICO
Nombre geográfico República Dominicana
Subdivisión temática general Tratados
Subdivisión geográfica Relaciones internacionales.
700 1# - ASIENTO SECUNDARIO -- NOMBRE PERSONAL
Nombre personal Andrés Blanco Díaz
Mención de responsabilidad ed.
710 2# - ASIENTO SECUNDARIO -- NOMBRE CORPORATIVO
Nombre corporativo o de jurisdicción Archivo General de la Nación (República Dominicana)
910 ## - VALIDACIÓN
Validación VMateo V. Control de calidad. BPMSU
942 ## - ADDED ENTRY ELEMENTS (KOHA)
Source of classification or shelving scheme Dewey Decimal Classification
Koha item type Libros
Existencias
Withdrawn status Lost status Source of classification or shelving scheme Damaged status Not for loan Home library Current library Date acquired Total Checkouts Full call number Barcode Date last seen Price effective from Koha item type
    Dewey Decimal Classification     Biblioteca Pública Metropolitana Salomé Ureña Biblioteca Pública Metropolitana Salomé Ureña 03/18/2022   BPMSU CD 327.97293 M798t 2012 BPMSU23080023 03/18/2022 03/18/2022 Libros